000 01136cam a22003493a 4500
001 26564
003 PGUSA
005 20140828083555.0
008 080909s2008||||xxu|||||s|||||000 1 eng d
040 _aPGUSA
_beng
042 _adc
050 4 _aPR
100 1 _aScott, Walter,
_d1771-1832
245 1 0 _aIvanhoe
_h[electronic resource] /
_cWalter Scott
260 _bProject Gutenberg,
_c2008
506 _aPublic domain in the USA.
516 _aElectronic text
653 _aIvanhoe, Wilfred of, Sir (Fictitious character) -- Fiction
653 _aLove stories
653 _aTriangles (Interpersonal relations) -- Fiction
653 _aAnglo-Saxons -- Fiction
653 _aKnights and knighthood -- Fiction
653 _aNormans -- Great Britain -- Fiction
653 _aGreat Britain -- History -- Richard I, 1189-1199 -- Fiction
653 _aJews -- England -- Fiction
653 _aHistorical fiction
700 1 _aBrink, Jan ten,
_d1834-1901
700 1 _aLindo, M. P.
_q(Mark Prager),
_d1819-1877
830 0 _aProject Gutenberg
_v26564
856 4 0 _uhttp://www.gutenberg.org/ebooks/26564
942 _cEB
999 _c255819
_d255819